| 000 | 01744nam a22004457a 4500 | ||
|---|---|---|---|
| 001 | 0051326 | ||
| 003 | KOHA_MİRAKIL | ||
| 005 | 20260207003801.0 | ||
| 007 | ta | ||
| 008 | 150629b2013 tu |||gr||||#||||0|tur | | ||
| 020 | _a9786051335599 | ||
| 040 |
_aTR-BiSEU _btur _cTR-BiSEU _erda |
||
| 041 | 0 | _atur | |
| 044 | _ctu | ||
| 050 |
_aDK851 _b.A97 2013 |
||
| 245 | 0 |
_aAvrasya Paradoksu Beklentiler Ve Endişeler/ _cReha Yılmaz, Galip Çağ, Mehmet Akif Okur, Hatice Yazgan, Sadat Demirci; Editör Reha Yılmaz. |
|
| 264 | 1 |
_aAnkara : _bNobel _c2013 |
|
| 300 | _aVIII, 132 sayfa; 23 cm. | ||
| 336 |
_ametin _btxt _2rdacontent |
||
| 337 |
_aaracısız _bn _2rdamedia |
||
| 338 |
_acilt _bnc _2rdacarrier |
||
| 490 | 1 |
_aYayın No ; _v658. |
|
| 490 | 1 |
_aUluslarası İlişkiler No ; _v012. |
|
| 500 | _aKaynakça var. | ||
| 650 | 0 |
_aAsia, Central--Politics and government _927505 |
|
| 650 | 0 |
_aTurkey--Foreign economic relations--Former Soviet Republics _995359 |
|
| 650 | 0 |
_aAsia, Central--Foreign economic relations--Turkey _995360 |
|
| 650 | 0 |
_aEurasia--Politics and government _958721 |
|
| 650 | 0 |
_aEurope--Foreign economic relations--Eurasia _995361 |
|
| 650 | 0 |
_aEurasia--Foreign economic relations--Europa _995362 |
|
| 650 | 0 |
_aAsya, Orta--Politika ve yönetim _995363 |
|
| 650 | 0 |
_aTürkiye--Dış ekonomik ilişkiler--Eski Sovyet Cumhuriyetleri _995364 |
|
| 650 | 0 |
_aAsya, Orta--Dış ekonomik ilişkiler--Türkiye _995365 |
|
| 650 | 0 |
_aAvrasya--Politika ve yönetim _995366 |
|
| 650 | 0 |
_aAvrupa--Dış ekonomik ilişkiler--Avrasya _995367 |
|
| 650 | 0 |
_aAvrasya--Dış ekonomik ilişkiler--Avrupa _995368 |
|
| 830 | 1 |
_aYayın No ; _v658. _91861 |
|
| 830 | 1 |
_aUluslarası İlişkiler No ; _v012. _995369 |
|
| 942 |
_2lcc _cBK |
||
| 999 |
_c51150 _d51150 |
||